[Event "UZB-ch Men 2021"]
[Site "Tashkent"]
[Date "2021.04.27"]
[Round "11.3"]
[White "Yakubboev, Nodirbek"]
[Black "Sindarov, Javokhir"]
[Result "1/2-1/2"]
[WhiteElo "2605"]
[BlackElo "2544"]
[Annotator "TA"]
[PlyCount "120"]
[EventDate "2021.04.17"]
[EventType "tourn"]
[EventCountry "UZB"]
[SourceTitle "playchess.com"]
[Source "ChessBase"]
[SourceQuality "1"]

{[%evp 9,120,13,9,13,15,-16,15,15,13,0,20,-4,0,0,0,0,12,0,16,-59,0,0,-7,0,35,22,20,30,43,7,7,8,14,10,29,30,37,0,0,-21,-25,-41,-17,-16,-11,-10,18,-74,16,18,32,15,9,0,0,0,7,7,7,7,8,0,0,0,0,0,0,0,0,0,0,0,0,0,0,0,0,0,0,0,0,0,0,0,0,0,0,0,0,0,0,-54,0,0,0,0,0,0,0,0,0,-108,-121,-158,0,0,0,0,0,0,0,0,0]} 1. d4 Nf6 2. Bg5 c5 3. d5 Ne4 4. Bf4 e6 5. f3 Bd6 6. Bxd6 {A45: Trompowsky Attack.} Nxd6 7. Nc3 {was the old line (7.e4).} b5 8. e4 b4 9. Na4 Qc7 {[#]} 10. Qd2 $146 ({Predecessor:} 10. c3 bxc3 11. Nxc3 O-O 12. Be2 Na6 13. Nh3 Rb8 14. Rb1 c4 15. O-O f6 16. b3 cxb3 17. Rxb3 {½-½ (34) Reyes Maldonado,C (2355)-Pastukhov,I (2339) ICCF email 2018}) 10... O-O 11. Rd1 exd5 12. Qxd5 {[%mdl 64] Double Attack} Nb7 13. Ne2 Nc6 14. c3 ({Wrong is} 14. Nxc5 $2 Ne7 $19) (14. b3 $11) 14... d6 (14... Re8 $15) 15. b3 Bd7 16. Qd2 Rae8 17. Nf4 f5 18. Bc4+ Kh8 19. O-O fxe4 20. fxe4 Ne5 21. Nb2 Qa5 22. cxb4 cxb4 23. Bd5 Nc5 24. a4 Qb6 25. Kh1 a5 26. Nfd3 Ncxd3 27. Nxd3 Qd4 28. Rxf8+ Rxf8 29. h3 h6 30. Nxe5 Qxe5 31. Qe3 h5 32. Kg1 h4 33. Bc4 Bc6 34. Qd4 Qg3 35. Bd5 Bxd5 36. Qxd5 $11 {[%mdl 4160] Endgame Double Attack. KQR-KQR} Rf2 {[%csl Gf2][%cal Rg3g2]} 37. e5 dxe5 38. Qa8+ Kh7 39. Qe4+ g6 40. Rd7+ Kh6 41. Qa8 Qe3 42. Qh8+ $1 Kg5 {( -> ...Re2+)} 43. Qd8+ Rf6+ 44. Kh1 Qxb3 45. Rd6 Qb1+ 46. Rd1 Qc2 {And now ...Qe2 would win.} 47. Re1 Qc5 48. Re4 Kf5 49. Rxh4 Ke6 {Hoping for ...Rf4.} 50. Qd3 ({Better is} 50. Qe8+ $11 Qe7 51. Qc8+ Qd7 52. Qa6+ Qd6 53. Qc8+ Qd7 54. Qa6+ Qd6 55. Qc8+ Qd7) 50... Qd5 (50... Qc6 $15) 51. Qa6+ Qd6 52. Qc8+ Qd7 53. Qc2 Rf1+ 54. Kh2 {Qc4+ is the strong threat.} Kf6 {aiming for ...Qd6.} 55. Rc4 (55. Qc5 $11) 55... Qf5 $17 {Strongly threatening ...Qxc2.} 56. Qe2 {[#]} Qf2 $2 ({Black should try} 56... Rc1 $1 $17 {[%cal Rc1c4][%mdl 512] White must now prevent ...Rxc4.} 57. Rxc1 (57. g4 Qf1) 57... Qf4+ {[%mdl 64] Double Attack} 58. g3 Qxc1 59. Qa6+ Kf7 60. Qb7+ Ke6 61. Qa6+ Kd5 62. Qxa5+ Qc5 63. Qa8+ Kd4) 57. Rc6+ $11 {The position is equal.} Kf7 58. Rc7+ Kf6 59. Rc6+ Kf7 60. Rc7+ Kf6 {Weighted Error Value: White=0.12/Black=0.09} 1/2-1/2

[Event "UZB-ch Men 2021"]
[Site "Tashkent"]
[Date "2021.04.27"]
[Round "11.4"]
[White "Dzhumaev, Marat"]
[Black "Abdisalimov, Abdimalik"]
[Result "1-0"]
[WhiteElo "2425"]
[BlackElo "2392"]
[Annotator "NA"]
[PlyCount "35"]
[EventDate "2021.04.17"]
[EventType "tourn"]
[EventCountry "UZB"]
[SourceTitle "playchess.com"]
[Source "ChessBase"]
[SourceQuality "1"]
[TimeControl "5400+30"]

1. d4 {[%emt 0:14:04]} Nf6 {[%emt 0:02:15]} 2. c4 {[%emt 0:00:25]} e6 {[%emt 0:00:11]} 3. Nc3 {[%emt 0:00:29]} c5 {[%emt 0:02:26]} 4. d5 {[%emt 0:00:22]} exd5 {[%emt 0:00:04]} 5. cxd5 {[%emt 0:00:11]} Bd6 {[%emt 0:03:20]} 6. e4 {[%emt 0:02:10]} O-O {[%emt 0:01:00]} 7. f4 {[%emt 0:04:08]} Nxe4 {[%emt 0:09:46]} 8. Nxe4 {[%emt 0:00:38]} Re8 {[%emt 0:00:06]} 9. Qe2 {[%emt 0:00:28]} Bf8 {[%emt 0:00:01]} 10. g4 {[%emt 0:04:01]} d6 {[%emt 0:00:43]} 11. f5 {[%emt 0:03:34]} b6 {[%emt 0:06:25]} 12. Nh3 {[%emt 0:25:28]} h5 {[%emt 0:24:27]} 13. Bg5 {[%emt 0:11:33]} Qd7 {[%emt 0:03:02]} 14. O-O-O {[%emt 0:17:24]} Na6 {[%emt 0:15:12]} 15. Nhf2 {[%emt 0:02:04]} Qa4 {[%emt 0:01:51]} 16. b3 {[%emt 0:00:39]} Qa5 {[%emt 0:00:00]} 17. Kb2 {[%emt 0:03:19]} hxg4 {[%emt 0:04:13]} 18. Qxg4 {[%emt 0:00:11]} 1-0

[Event "UZB-ch Men 2021"]
[Site "Tashkent"]
[Date "2021.04.27"]
[Round "11.5"]
[White "Begmuratov, Khumoyun"]
[Black "Saydaliev, Saidakbar"]
[Result "1/2-1/2"]
[WhiteElo "1971"]
[BlackElo "2385"]
[Annotator "TA"]
[PlyCount "76"]
[EventDate "2021.04.17"]
[EventType "tourn"]
[EventCountry "UZB"]
[SourceTitle "playchess.com"]
[Source "ChessBase"]
[SourceQuality "1"]

{[%evp 13,76,29,46,18,11,5,9,20,9,0,0,0,89,99,100,54,95,96,101,106,74,79,72,47,62,50,50,55,53,59,63,71,85,72,73,80,101,82,100,83,148,0,0,0,0,0,0,0,0,0,0,0,0,0,0,0,0,0,0,0,0,0,0,0,0]} 1. e4 c5 2. c3 d5 3. exd5 Qxd5 4. d4 Nc6 5. Nf3 Bg4 6. Be2 e6 7. h3 Bh5 8. g4 {B22: Sicilian: 2 c3.} (8. c4 $5 {[%cal Rc4d5]} Qd8 9. d5 Bxf3 10. Bxf3 exd5 11. Bxd5 $14 (11. cxd5 Nd4 $14)) 8... Bg6 9. c4 $1 {[%cal Rc4d5]} Qd6 {[%cal Rc5d4]} 10. d5 Nb4 {[%cal Rb4c2]} 11. O-O O-O-O {Strongly threatening ...Nc2.} 12. Nc3 {[#]} a6 $146 (12... Nc2 $11 {keeps the balance.} 13. Rb1 exd5) ({Predecessor:} 12... Nf6 13. Qa4 a6 14. Bg5 h5 15. Bh4 hxg4 16. hxg4 Nxg4 17. Bg3 e5 18. Nh4 Nh6 {0-1 (28) Suran,J (2370)-Markos,J (2495) Germany 2006}) 13. Bg5 $36 {[%mdl 2048] Keeping Black busy.} Be7 14. Bxe7 Nxe7 15. a3 Nc2 16. Rc1 h5 {[#] Threatens to win with ...Ne3!} 17. g5 ({Much weaker is} 17. Rxc2 hxg4 18. Ng5 (18. hxg4 {gets mated.} Qf4 19. Qd4 cxd4 20. Ne4 Bxe4 21. Re1 Qxg4+ 22. Kf1 Qh3+ 23. Kg1 Qh1#) 18... gxh3 $11) 17... exd5 18. Nxd5 (18. Rxc2 {keeps more tension.} d4 19. Rd2 Qf4 20. Na4 Be4 21. Re1) 18... Nxd5 19. cxd5 Qxd5 {And now ...Qb3 would win.} 20. Rxc2 Bxc2 21. Qxc2 Kb8 22. Rd1 Qe6 23. Rxd8+ Rxd8 24. Kg2 f6 25. Bc4 Qc6 {Hoping for ...fxg5.} 26. Bf7 h4 {[#]} (26... fxg5 $142 27. Bxh5 Ka7) 27. Bh5 (27. Qg6 $1 $16) 27... fxg5 $11 {The position is equal.} 28. Bg4 Ka7 29. Qc3 g6 30. Qe3 Rd5 31. Qe4 c4 32. a4 Rc5 33. Qd4 Ka8 34. Qd8+ Ka7 35. Qd4 Ka8 36. Qd8+ Ka7 37. Qd4 Ka8 38. Qd8+ Ka7 {Weighted Error Value: White=0.09/Black=0.11} 1/2-1/2

[Event "UZB-ch Men 2021"]
[Site "Tashkent"]
[Date "2021.04.27"]
[Round "11.6"]
[White "Shermuhammadov, Samandar"]
[Black "Abdusattorov, Nodirbek"]
[Result "0-1"]
[WhiteElo "2063"]
[BlackElo "2627"]
[Annotator "TA"]
[PlyCount "98"]
[EventDate "2021.04.17"]
[EventType "tourn"]
[EventCountry "UZB"]
[SourceTitle "playchess.com"]
[Source "ChessBase"]
[SourceQuality "1"]

{[%evp 14,98,31,29,37,35,26,3,9,0,7,6,7,12,9,8,9,0,0,0,0,0,0,0,10,0,0,0,12,0,0,0,0,-13,-9,-12,-16,-7,-17,-32,8,-22,-20,-28,-18,-64,-56,-64,-64,-67,-66,-63,-50,-88,-29,-54,-52,-103,-52,-63,-52,-72,-66,-122,-122,-110,-53,-48,-48,-66,-80,-80,-72,-72,-72,-118,-55,-145,-85,-94,-28,-32,-33,-275,-171,-707,-683]} 1. e4 c5 2. Nf3 e6 3. d4 cxd4 4. Nxd4 Nc6 5. Nc3 Qc7 6. g3 a6 7. Bg2 Nf6 8. O-O h5 {Recently 8...Nxd4 got a lot of attention. B47: Sicilian: Taimanov: 5 Nc3 Qc7 6 f4, 6 g3 and 6 Be2.} 9. h3 Bc5 10. Be3 {[#] Strongly threatening Ndb5.} d6 {The position is equal.} 11. Qd2 Bxd4 12. Bxd4 Nxd4 13. Qxd4 {next Rad1 is good for White.} e5 {[#]} 14. Qe3 $146 ({Predecessor:} 14. Qd2 Be6 15. Rad1 O-O-O 16. b4 Kb8 17. Rfe1 Rc8 18. Re3 Rhd8 19. Kh2 h4 20. b5 hxg3+ 21. fxg3 {1-0 (32) Martinez Romero,M (2409)-Ramirez,J (2089) Bogota 2015}) 14... Be6 15. f4 h4 16. g4 exf4 17. Rxf4 Nd7 18. Nd5 {[%cal Bc3d5,Bd5e3,Be3f5][%mdl 32]} Qd8 19. Qd4 O-O 20. Ne3 Ne5 21. Nf5 Qg5 22. Rf2 Rfd8 23. b3 (23. Re1 {feels hotter.} g6 24. Ne3 Rac8 25. Qd2 b5 26. a3) 23... g6 24. Qe3 Qxe3 25. Nxe3 Kf8 26. Rd1 b5 {[%cal Bb7b5,Bb5b4][%mdl 32]} 27. Rfd2 Ke7 28. Ra1 a5 29. a4 b4 30. Kf2 Rac8 31. Rad1 Rc3 32. Bf1 Rc5 33. Be2 f6 (33... g5 $17) 34. Ba6 Nf7 35. Bd3 (35. Rd4 $15) 35... Rc3 (35... Ng5 $17 36. Kg2 Re5) 36. Re1 Rdc8 37. Kg2 Kf8 38. Nd1 ({White should try} 38. Bf1 $15) 38... R3c5 $17 39. Ne3 Ne5 (39... Re5 $17 40. Rf1 Kg7) 40. Ba6 Rd8 41. Bb7 Rc3 42. Bd5 Bc8 43. Bc4 Bb7 44. Rd4 Kg7 ({Black should play} 44... Nxc4 $17 45. Rxc4 Re8) 45. Re2 (45. Kf2 $15) 45... Kh6 (45... Nxc4 $142 46. Nxc4 Ba6) 46. Kf2 Kg5 (46... Nxc4 $17 47. Rxc4 Rc8) 47. Red2 Re8 48. Rxd6 $2 (48. Bb5 $15 Re6 49. Rd1) 48... Bxe4 49. Ra6 $2 {[#]} (49. Ba6) 49... Rxe3 $1 {[%mdl 576] Remove Defender.  Weighted Error Value: White=0.43/Black=0.15} 0-1

[Event "UZB-ch Men 2021"]
[Site "Tashkent"]
[Date "2021.04.28"]
[Round "12.1"]
[White "Saydaliev, Saidakbar"]
[Black "Shermuhammadov, Samandar"]
[Result "1/2-1/2"]
[WhiteElo "2385"]
[BlackElo "2063"]
[Annotator "NA"]
[PlyCount "98"]
[EventDate "2021.04.17"]
[EventType "tourn"]
[EventCountry "UZB"]
[SourceTitle "playchess.com"]
[Source "ChessBase"]
[SourceQuality "1"]
[TimeControl "5400+30"]

1. d4 {[%emt 0:00:00]} Nf6 {[%emt 0:00:00]} 2. c4 {[%emt 0:00:06]} e6 {[%emt 0:00:00]} 3. g3 {[%emt 0:02:29]} d5 {[%emt 0:00:06]} 4. Nf3 {[%emt 0:00:07]} b6 {[%emt 0:02:01]} 5. Bg2 {[%emt 0:04:41]} Bb7 {[%emt 0:00:02]} 6. Ne5 {[%emt 0:01:58]} Be7 {[%emt 0:01:17]} 7. Nc3 {[%emt 0:03:27]} O-O {[%emt 0:00:11]} 8. O-O {[%emt 0:01:20]} Qc8 {[%emt 0:03:05]} 9. cxd5 {[%emt 0:03:39]} exd5 {[%emt 0:00:21]} 10. Bf4 {[%emt 0:02:13]} Qe6 {[%emt 0:01:58]} 11. Rc1 {[%emt 0:01:39]} c6 {[%emt 0:01:52]} 12. Qb3 {[%emt 0:02:56]} Rd8 {[%emt 0:03:46]} 13. Rfe1 {[%emt 0:04:35]} Nh5 {[%emt 0:02:10]} 14. Bd2 {[%emt 0:05:43]} c5 {[%emt 0:02:15]} 15. Nb5 {[%emt 0:03:28]} Na6 {[%emt 0:04:15]} 16. Bc3 {[%emt 0:03:43]} Nf6 {[%emt 0:11:22]} 17. a3 {[%emt 0:16:57]} h6 {[%emt 0:05:07]} 18. dxc5 {[%emt 0:01:42]} Nxc5 {[%emt 0:05:19]} 19. Qa2 {[%emt 0:00:11]} Qf5 {[%emt 0:00:54]} 20. Nf3 {[%emt 0:07:16]} Nce4 {[%emt 0:01:42]} 21. Bd4 {[%emt 0:00:36]} Bc5 {[%emt 0:07:16]} 22. b4 {[%emt 0:01:36]} Bf8 {[%emt 0:01:05]} 23. h3 {[%emt 0:05:51]} Ne8 {[%emt 0:04:08]} 24. Qb2 {[%emt 0:04:19]} Ba6 {[%emt 0:04:23]} 25. Nc7 {[%emt 0:00:32]} Nxc7 {[%emt 0:00:12]} 26. Rxc7 {[%emt 0:00:01]} Bd6 {[%emt 0:06:30]} 27. Rcc1 {[%emt 0:00:46]} f6 {[%emt 0:00:14]} 28. b5 {[%emt 0:01:43]} Bb7 {[%emt 0:00:30]} 29. Be3 {[%emt 0:00:20]} Bc5 {[%emt 0:00:09]} 30. Qb3 {[%emt 0:00:24]} Rac8 {[%emt 0:02:39]} 31. Nd4 {[%emt 0:00:52]} Qe5 {[%emt 0:00:17]} 32. Rcd1 {[%emt 0:00:34]} Kh8 {[%emt 0:02:06]} 33. a4 {[%emt 0:03:32]} a5 {[%emt 0:01:28]} 34. Nf3 {[%emt 0:05:40]} Qc3 {[%emt 0:02:24]} 35. Qxc3 {[%emt 0:02:38]} Nxc3 {[%emt 0:00:01]} 36. Bxc5 {[%emt 0:00:01]} Rxc5 {[%emt 0:00:21]} 37. Ra1 {[%emt 0:01:24]} Rc4 {[%emt 0:01:07]} 38. e3 {[%emt 0:00:01]} Rxa4 {[%emt 0:00:56]} 39. Nd4 {[%emt 0:00:07]} Rxa1 {[%emt 0:00:40]} 40. Rxa1 {[%emt 0:00:00]} Rc8 {[%emt 0:00:42]} 41. Bf1 {[%emt 0:00:43]} Ne4 {[%emt 0:02:03]} 42. g4 {[%emt 0:00:40]} Rc3 {[%emt 0:00:26]} 43. f3 {[%emt 0:01:18]} Nd6 {[%emt 0:02:19]} 44. Kf2 {[%emt 0:00:05]} Bc8 {[%emt 0:00:08]} 45. Nc6 {[%emt 0:01:54]} Bb7 {[%emt 0:02:35]} 46. Ne7 {[%emt 0:01:18]} d4 {[%emt 0:02:25]} 47. e4 {[%emt 0:00:58]} d3 {[%emt 0:00:47]} 48. Rd1 {[%emt 0:00:04]} Rc2+ {[%emt 0:00:48]} 49. Ke3 {[%emt 0:08:23]} d2 {[%emt 0:18:08]} 1/2-1/2

[Event "UZB-ch Men 2021"]
[Site "Tashkent"]
[Date "2021.04.28"]
[Round "12.2"]
[White "Abdisalimov, Abdimalik"]
[Black "Begmuratov, Khumoyun"]
[Result "1/2-1/2"]
[WhiteElo "2392"]
[BlackElo "1971"]
[Annotator "NA"]
[PlyCount "87"]
[EventDate "2021.04.17"]
[EventType "tourn"]
[EventCountry "UZB"]
[SourceTitle "playchess.com"]
[Source "ChessBase"]
[SourceQuality "1"]
[TimeControl "5400+30"]

1. e4 {[%emt 0:00:00]} e5 {[%emt 0:00:00]} 2. Nf3 {[%emt 0:00:00]} Nc6 {[%emt 0:00:00]} 3. Bb5 {[%emt 0:00:00]} a6 {[%emt 0:00:33]} 4. Ba4 {[%emt 0:00:00]} Nf6 {[%emt 0:00:06]} 5. O-O {[%emt 0:00:00]} Nxe4 {[%emt 0:00:32]} 6. d4 {[%emt 0:00:05]} b5 {[%emt 0:00:06]} 7. Bb3 {[%emt 0:00:04]} d5 {[%emt 0:00:03]} 8. dxe5 {[%emt 0:00:06]} Be6 {[%emt 0:00:03]} 9. Nbd2 {[%emt 0:00:07]} Bc5 {[%emt 0:09:39]} 10. Nxe4 {[%emt 0:00:55]} dxe4 {[%emt 0:02:10]} 11. Bxe6 {[%emt 0:00:42]} fxe6 {[%emt 0:00:48]} 12. Ng5 {[%emt 0:00:29]} Qxd1 {[%emt 0:03:25]} 13. Rxd1 {[%emt 0:00:46]} O-O {[%emt 0:00:16]} 14. Nxe4 {[%emt 0:00:36]} Bb6 {[%emt 0:00:19]} 15. Kf1 {[%emt 0:09:25]} Rf5 {[%emt 0:02:27]} 16. f3 {[%emt 0:02:45]} Raf8 {[%emt 0:04:59]} 17. c3 {[%emt 0:03:27]} Rh5 {[%emt 0:15:24]} 18. h3 {[%emt 0:02:08]} Rxe5 {[%emt 0:01:06]} 19. Re1 {[%emt 0:01:17]} Ne7 {[%emt 0:07:07]} 20. a4 {[%emt 0:04:30]} Ng6 {[%emt 0:06:24]} 21. b4 {[%emt 0:08:15]} h6 {[%emt 0:13:18]} 22. Ra2 {[%emt 0:01:17]} Rd5 {[%emt 0:04:43]} 23. a5 {[%emt 0:01:28]} Ba7 {[%emt 0:00:06]} 24. Be3 {[%emt 0:00:04]} Bxe3 {[%emt 0:02:28]} 25. Rxe3 {[%emt 0:00:18]} e5 {[%emt 0:03:02]} 26. Ke1 {[%emt 0:02:45]} Rfd8 {[%emt 0:01:24]} 27. g3 {[%emt 0:02:59]} Rd1+ {[%emt 0:02:30]} 28. Ke2 {[%emt 0:01:33]} Rh1 {[%emt 0:00:37]} 29. Rd2 {[%emt 0:00:58]} Rh2+ {[%emt 0:01:35]} 30. Kd1 {[%emt 0:00:16]} Rdxd2+ {[%emt 0:00:03]} 31. Nxd2 {[%emt 0:00:06]} Rxh3 {[%emt 0:00:06]} 32. Ne4 {[%emt 0:00:17]} Ne7 {[%emt 0:05:28]} 33. Nc5 {[%emt 0:03:54]} Rxg3 {[%emt 0:01:15]} 34. Nxa6 {[%emt 0:00:06]} h5 {[%emt 0:05:12]} 35. Nxc7 {[%emt 0:19:32]} h4 {[%emt 0:00:16]} 36. a6 {[%emt 0:00:13]} Nc6 {[%emt 0:00:05]} 37. Ke1 {[%emt 0:01:18]} h3 {[%emt 0:01:19]} 38. Kf2 {[%emt 0:02:00]} Rg2+ {[%emt 0:00:09]} 39. Kf1 {[%emt 0:00:01]} Rg3 {[%emt 0:00:00]} 40. Re2 {[%emt 0:04:15]} Rxf3+ {[%emt 0:00:18]} 41. Kg1 {[%emt 0:00:03]} Rxc3 {[%emt 0:00:22]} 42. Nxb5 {[%emt 0:00:03]} Rc1+ {[%emt 0:00:16]} 43. Kh2 {[%emt 0:00:06]} Ra1 {[%emt 0:00:11]} 44. a7 {[%emt 0:01:20]} 1/2-1/2

[Event "UZB-ch Men 2021"]
[Site "Tashkent"]
[Date "2021.04.28"]
[Round "12.3"]
[White "Sindarov, Javokhir"]
[Black "Dzhumaev, Marat"]
[Result "1-0"]
[WhiteElo "2544"]
[BlackElo "2425"]
[Annotator "TA"]
[PlyCount "203"]
[EventDate "2021.04.17"]
[EventType "tourn"]
[EventCountry "UZB"]
[SourceTitle "playchess.com"]
[Source "ChessBase"]
[SourceQuality "1"]

{[%evp 13,203,10,7,-19,0,0,0,0,0,-6,0,-4,19,0,-18,-23,0,-106,-75,-116,-61,-63,-60,-66,-72,-117,-102,-123,-99,-167,-160,-172,-172,-161,-161,-283,-151,-152,-93,-150,-115,-172,-164,-185,-199,-217,-201,-232,-220,-251,-240,-222,-212,-271,-188,-158,0,-259,-250,-311,-314,-302,-286,-279,0,-324,-311,-308,-319,-389,-376,-379,-336,-352,0,-347,-330,-325,-341,-352,-346,-326,-341,-340,-330,-324,-322,-379,-327,-384,-358,-325,0,-254,-249,-289,-97,-98,-98,-99,-99,-99,0,0,89,86,95,68,67,65,75,72,88,99,96,99,178,188,179,147,168,0,257,247,404,395,751,702,842,789,975,976,744,395,592,592,451,138,138,138,138,138,138,138,184,184,184,184,184,8,184,184,184,184,184,184,184,184,29965,29966,29966,29967,29964,184,184,184,184,184,4861,184,184,184,29971,29973,29973,29973,29973,29974,29974,29975,29975,29976,29978,29977,29988,29978,29989,29990,29990,29991,29991,29992]} 1. e4 e6 2. d4 d5 3. Nd2 c5 4. exd5 Qxd5 5. dxc5 Bxc5 6. Ngf3 Nf6 7. Bc4 Qh5 {[#]} 8. b3 $146 {C07: French Tarrasch: 3...c5, 4 Ngf3 and 4 exd5 Qxd5.} ({Predecessor:} 8. Qe2 Nc6 9. O-O O-O 10. h3 a6 11. Ne4 Nxe4 12. Qxe4 Qg6 13. Qxg6 hxg6 14. Rd1 b5 15. Be2 Bb7 {½-½ (59) Boruchovsky,A (2783)-Sieciechowicz,M (2586) Chess.com INT 2020}) 8... b6 (8... Nc6 {looks sharper.} 9. Bb2 O-O 10. O-O Rd8 11. Qe2 b6) 9. Bb2 Bb7 (9... O-O {is interesting.} 10. Qe2 Bb7 11. O-O-O Qh6 12. Kb1 Nc6) 10. Qe2 {The position is equal.} Nbd7 11. O-O-O O-O 12. Kb1 Rfe8 13. g4 Qxg4 14. Rhg1 Qf4 15. Bb5 (15. Ne5 $1 $11 Nxe5 16. Bxe5) 15... e5 $17 16. Ng5 Qxf2 (16... Bxf2 $2 17. Nh3 $18) (16... Re7 $17 17. Nh3 Qf5) 17. Qxf2 $15 Bxf2 18. Rgf1 Bc5 19. Ndf3 Bxf3 20. Rxf3 Re7 21. Bc4 (21. Bxd7 $17 Nxd7 22. Rxf7 Rxf7 23. Nxf7 Kxf7 24. Rxd7+ Kf6 25. c3) 21... Rf8 $19 22. Rg3 h6 23. Nf3 {With the idea Nh4.} Kh7 24. Rh3 (24. Rg2 $142) 24... g6 (24... Ng4 $19 25. Re1 f6) 25. Bb5 $17 Kg7 (25... Ra8 $142 26. Bc1 a6) 26. Re1 (26. Rh4 $142) 26... Bd6 27. Nh4 (27. Nd2 $17) 27... Nc5 $19 28. Rg1 Kh7 29. Bc1 {Hoping for Nxg6!} Ng8 30. Rg4 e4 31. Bc4 {White wants to play Nxg6!} Be5 32. Rg1 Bg7 33. Rf1 Nd7 34. Ba3 Nc5 (34... Ne5 $1 $17 35. Bd5 Rd8 36. Bxe7 Rxd5) 35. Bc1 $1 Rd7 36. Bb5 Rd6 37. Bc4 Rf6 38. Rg1 Rd6 $2 (38... Rd8 $19 39. Bb2 Rf2) 39. Bf4 $2 {[%mdl 8192]} (39. Rf1 $1 $11 {and White is okay.}) 39... Rd7 40. Bb5 Rdd8 41. Bc1 Nf6 42. Bb2 Nh5 43. Bc1 Nf6 44. Bb2 $1 Ne8 45. Bxe8 Bxb2 (45... Rdxe8 46. Nf5 $19) (45... Rfxe8 46. Bxg7 Kxg7 47. Nf5+ Kf8 48. Nxh6 $19) 46. Bxf7 Rxf7 47. Kxb2 g5 48. Ng2 Rf3 49. Rg3 Rd2 50. Kc1 Rdf2 51. Kd1 Ne6 52. Rg4 Nc5 ({Better is} 52... Rf8 $19 53. Ne3 Rd8+ 54. Ke1 Rxh2 55. Rxe4 Nf4 56. Re7+ Kg6) 53. h4 $2 {[%mdl 8192]} (53. Rg3 $1 $11 Nd7 54. a4) 53... e3 54. Ne1 Rf4 (54... Rf6 $19 {And now ...Rd6+ would win.} 55. Kc1 Rd6) 55. hxg5 $17 Ne4 56. Rxf4 Nc3+ (56... Rxf4 $6 57. g6+ Kg7 58. Ke2 $11) 57. Kc1 {Strongly threatening Rf7+.} Rxf4 {[%mdl 4096] Endgame KRN-KRN} (57... Ne2+ $17 58. Kb2 Nxf4 59. gxh6 e2 60. Rg7+ Kxh6) 58. Rh1 $11 Ne4 (58... h5 $11) 59. Rxh6+ $16 Kg7 {Threatens to win with ...Rf1.} 60. Re6 Kf7 61. Re5 $1 Rg4 62. c4 Kg6 63. Kc2 e2 64. Kd3 Ng3 (64... Nxg5 $16 65. Rxe2 (65. Kxe2 Kf6 $16) 65... Kf6) 65. Nf3 $18 Kf7 66. Re3 Kf8 67. Re5 $2 ({White should try} 67. a3 $18) 67... a5 $2 {[%mdl 8192]} (67... Kf7 $11 {and Black has nothing to worry.}) 68. Nd4 Kf7 $2 (68... Re4 {was called for.} 69. Rxe4 Nxe4 70. Nxe2 (70. Kxe2 Nxg5 71. Ke3 Ke8 $16) 70... Nxg5) 69. Nxe2 Nxe2 $2 (69... a4 70. Nc3 axb3 71. axb3 Nh5) 70. Kxe2 {KR-KR} ({Less strong is} 70. Rxe2 Rxg5 71. Kd4 Rh5 $16) 70... Rg2+ 71. Kd3 Rxa2 72. Rb5 Rg2 73. Kc3 Ke7 (73... Rg3+ $142 74. Kb2 a4 75. bxa4 Ke7) 74. Rxb6 Rxg5 75. Rb5 $2 (75. Ra6 $1 $18) 75... Rg3+ $16 {[#]} 76. Kb2 $1 a4 77. bxa4 Kd6 78. a5 {[%cal Ba4a5,Ba5a6][%mdl 32] Black must now prevent a6.} Kc6 79. a6 {Threatening mate with a7.} Rg8 {intending ...Ra8.} 80. Kc3 {aiming for a7.} Ra8 {[#]} 81. Rh5 $2 (81. Ra5 $1 $18 Kb6 82. Kb4) 81... Kb6 $2 (81... Rxa6 $11 82. Kd4 (82. Rh6+ Kc5 $11) 82... Kb7) 82. Kb4 $18 {a7! is the strong threat.} Rg8 83. Rh6+ Ka7 84. Kb5 Rb8+ 85. Ka5 Rb1 $2 (85... Rh8 $18 86. Rd6 Rh5+ 87. Rd5 Rh2 88. Rd7+ Kb8) 86. Rh7+ Ka8 87. c5 Kb8 88. Rd7 $2 (88. c6 {mates} Ra1+ 89. Kb6 Rb1+ 90. Kc5 Rc1+ 91. Kd6 Rd1+ 92. Ke6 Re1+ 93. Kd7 Rd1+ 94. Ke8) 88... Ra1+ 89. Kb6 {[%cal Rd7d8]} Rb1+ 90. Kc6 {Intending Rb7+ and mate.} Rh1 $2 (90... Rg1 91. Rh7 Rg2) 91. Re7 $2 (91. Kd5 Rd1+ 92. Kc6) 91... Rg1 92. Rh7 Rd1 $2 (92... Ra1 $18) 93. Rb7+ {White mates.} Ka8 94. Rd7 Rh1 95. Kb6 {[%cal Rd7d8]} Rb1+ 96. Kc7 Ka7 97. Kc8+ Ka8 98. c6 Rb8+ 99. Kc7 Rb1 100. Kd8 Rh1 101. c7 {[%cal Rc7c8]} Rh8+ 102. Ke7 {Quite a comeback for White.  Weighted Error Value: White=0.33/Black=0.40} 1-0